| 000 | 00388nam a2200157Ia 4500 | ||
|---|---|---|---|
| 001 | 37488 | ||
| 005 | 20240114001934.0 | ||
| 007 | ta | ||
| 008 | 070611s g b000 u u | ||
| 082 |
_a822.09 _bV 465 T |
||
| 100 | _aVanghan, C E . | ||
| 245 | 0 |
_aTypes of tragic Drama / _cC E Vanghan. _hTextual Documents |
|
| 653 | _aEnglish Literature | ||
| 942 |
_2ddc _cBK |
||
| 999 |
_c37467 _d37467 |
||